000
00306nam a2200121Ia 4500
008
220216s9999 xx 000 0 und d
100
_a
Saj Mathews A
245
0
_a
NR: Prices soar as weather plays spoisport
260
_b
Rubber Asia
_c
2011
300
_a
75-76
500
_a
Source Year: 2011
942
_c
JS
999
_c
64205
_d
64205